| 000 | 00607nam a22002057a 4500 | ||
|---|---|---|---|
| 003 | DO-SdBNP | ||
| 005 | 20211125085853.0 | ||
| 008 | 211125b2018 ||||| |||| 00| 0 spa d | ||
| 020 | _a9789945169416 | ||
| 040 |
_aDO-SdBNP _bspa _cBNPHU |
||
| 082 |
_axxx _bP438p |
||
| 100 |
_aPérez Peña, Raúl _943350 |
||
| 245 | 1 | 0 |
_aPrimer libro sobre marcha verde : _btestimonio inconcluso marcha morada / _cRaúl Pérez Peña (Bacho) |
| 250 | _a2 da. ed. amp. | ||
| 260 |
_aSanto Domingo : _bBúho, _c2018 |
||
| 300 |
_a419 p. ; _c26 cm |
||
| 590 | _aInventariado, 2021 / DG | ||
| 910 | _aD/G | ||
| 942 |
_2ddc _cLBS1 |
||
| 999 |
_c51037 _d51037 |
||